000 00879nam a2200253Ia 4500
003 OSt
005 20220923213632.0
006 a|||||r|||| 00| 0
007 ta
008 220922b |||||||| |||| 00| 0 hin d
024 _a163,707
037 _cTextual
040 _aARTS
_cARTS
_bhin
041 _2hin
_ahin
082 _aO152,1M89,12:g, L3
100 _aछाबड़ा, गोविन्द लाल
245 0 _aमहाकवि प्रसाद और लहर
246 _ahinākavi prasād aur lahara
260 _aदिल्ली
_b आदर्श साहित्य प्रकाशन
_c1973
300 _a272पृ.
_ccm.
650 _aहिन्दी साहित्य
_9156264
942 _hO152,1M89,12:g, L3
_cTEXL
_2CC
999 _c318187
_d318187